| 000 | 01520nam a2200289Ia 4500 | ||
|---|---|---|---|
| 999 |
_c56414 _d56414 |
||
| 001 | 23527 | ||
| 003 | GE_BSU | ||
| 005 | 20260219140557.0 | ||
| 008 | 181216s1959||||ge |||||||||||||| ||geo|| | ||
| 020 | _a9992843446 | ||
| 040 | _cGE_BSU | ||
| 041 | _ageo | ||
| 080 | _a94(479.22)(093) ქ-27 | ||
| 245 |
_aქართლის ცხოვრება. ტ. 2 / _cრედ.: ს. ყაუხჩიშვილი ; მხატვ. : გ. ნადირაძე. |
||
| 264 |
_aთბილისი : _bსაბჭ. საქართველო, _c1959. |
||
| 300 |
_a707 გვ. ; _c26სმ.. |
||
| 500 | _aტექსტი დადგენილი ყველა ძირითადი ხელნაწერის მიხედვით ს. ყაუხჩიშვილის მიერ | ||
| 500 | _aდანართი: "საკუთარ სახელთა საძიებელი და ლექსიკონი", გვ. 443-703 | ||
| 504 | _aბიბლიოგრაფია შენიშვნებში | ||
| 520 | _aპარალ. სათ. რუს. ენ. | ||
| 541 | _h20 ლ. | ||
| 653 | _aსაქართველოს ისტორიის წყაროები | ||
| 653 | _aქართლის ცხოვრება. ტ. 2 | ||
| 700 |
_aყაუხჩიშვილი, ს. _eრედაქტორი _926926 |
||
| 700 |
_aნადირაძე, გ. _e მხატვარი _926927 |
||
| 942 |
_cBK _2udc |
||